| 000 | 01290nam a2200313 i 4500 | ||
|---|---|---|---|
| 003 | DO-SdBNP | ||
| 005 | 20230817104333.0 | ||
| 006 | a||||fr|||| 00| 0 | ||
| 007 | ta | ||
| 008 | 230815e2002 dr adb|| |||| 00| 0 spa d | ||
| 040 |
_aDO-SdBNP _bspa _cBNPHU _erda |
||
| 082 | 4 |
_222 _a371.26 _bS161L |
|
| 100 | 1 |
_aSalazar, Ada, _975029 _eautora |
|
| 245 |
_aLibro de itemes 2do. curso / 2do. ciclo: _b4to. bachiller. / _cAda Salazar, José Lara y René Tavárez, Juan Colón Castillo, Ramón Rosario. |
||
| 246 | 1 | 1 |
_aLibro de itemes segundo curso / segundo ciclo: _bcuarto de bachiller. |
| 264 | 1 |
_aSanto Domingo : _bEducando, _c2002 |
|
| 300 |
_a292 páginas : _bIlustraciones; gráficas, mapas ; _c20 cm. |
||
| 336 |
_2rdacontent _atexto _btxt |
||
| 337 |
_2rdamedia _asin mediación _bn |
||
| 338 |
_2rdacarrier _avolumen _bnc |
||
| 500 | _aDe interés para las Pruebas Nacionales (de acuerdo al curriculum vigente). | ||
| 505 |
_aÍndice. _gIntroducción. _tContinuación Introducción.-- _tLengua Española.-- _tCiencias Sociales.-- _tMatemáticas. |
||
| 590 | _aInventariado 2023 / MF | ||
| 700 | 1 |
_aLara, José, _931199 _eautor |
|
| 710 | 1 |
_aTavárez, René, _eautor _983977 |
|
| 711 | 1 |
_aColón Castillo, Juan, _jautor _983978 |
|
| 711 | 1 |
_aRosrio, Ramón, _jautor _983979 |
|
| 942 |
_2ddc _cLBS1 |
||
| 999 |
_c54419 _d54419 |
||